|
|
|
|
| LEADER |
01487nam a2200385Ia 4500 |
| 001 |
EBC3012567 |
| 003 |
MiAaPQ |
| 005 |
20200520144314.0 |
| 006 |
m o d | |
| 007 |
cr cn||||||||| |
| 008 |
080307s2008 dcua sb i000 0 eng d |
| 035 |
|
|
|a (MiAaPQ)EBC3012567
|
| 035 |
|
|
|a (Au-PeEL)EBL3012567
|
| 035 |
|
|
|a (CaPaEBR)ebr10302984
|
| 035 |
|
|
|a (OCoLC)842634299
|
| 040 |
|
|
|a MiAaPQ
|c MiAaPQ
|d MiAaPQ
|
| 050 |
|
4 |
|a HC260.5
|b .K363 2008
|
| 100 |
1 |
|
|a Kanda, Daniel.
|
| 245 |
1 |
0 |
|a Spillovers to Ireland
|h [electronic resource] /
|c prepared by Daniel Kanda.
|
| 260 |
|
|
|a Washington, D.C. :
|b International Monetary Fund, European Dept.,
|c c2008.
|
| 300 |
|
|
|a 20 p. :
|b ill.
|
| 490 |
1 |
|
|a IMF working paper ;
|v WP/08/2
|
| 500 |
|
|
|a "January 2008."
|
| 504 |
|
|
|a Includes bibliographical references.
|
| 533 |
|
|
|a Electronic reproduction. Ann Arbor, MI : ProQuest, 2015. Available via World Wide Web. Access may be limited to ProQuest affiliated libraries.
|
| 650 |
|
0 |
|a Macroeconomics.
|
| 651 |
|
0 |
|a Ireland
|x Foreign economic relations
|x Econometric models.
|
| 651 |
|
0 |
|a Ireland
|x Commerce
|x Econometric models.
|
| 651 |
|
0 |
|a Ireland
|x Economic conditions
|y 1949-
|
| 651 |
|
0 |
|a Ireland
|x Economic policy.
|
| 655 |
|
4 |
|a Electronic books.
|
| 710 |
2 |
|
|a International Monetary Fund.
|b European Dept.
|
| 710 |
2 |
|
|a ProQuest (Firm)
|
| 830 |
|
0 |
|a IMF working paper ;
|v WP/08/2.
|
| 856 |
4 |
0 |
|u https://ebookcentral.proquest.com/lib/matrademy/detail.action?docID=3012567
|z Click to View
|